00527nam a2200157 a 450000100100000000500170001000800410002704000250006808200140009324500650010726000420017230000200021404900090023495201110024399900150035400000932320200929161544.0090929s1984 dr 000 0 spa d aDO-SdBNPbspacBNPHU axxxbxxxx10aEl hombre....... Antonio Rosario :bun ganador, un vencedor. aSanto Domingo :bAlfa y Omega,c1984. a35 p. ;c23 cm. aBNPD 0010718PDaPDbPDcHDd2010-03-25iLF1l0oxxx xxxxp9323-20r2020-06-25w2020-06-25yLFPDZNo se presta c9083d9083